<The> Global enforcement challenge enforcement of consumer protection laws in a global marketplace

Saved in:
Bibliographic Details
Format: Book
Language:English
Published: Canberra Commonwealth of Australia 1997
Series:Discussion paper
Subjects:
Tags: Add Tag
No Tags, Be the first to tag this record!

MARC

LEADER 00000nam a2200000 4500
001 c120084
005 20221124074635.8
020 |a 0-642-24914-8 
041 0 |a eng 
044 |a FR 
245 1 0 |a <The> Global enforcement challenge  |b enforcement of consumer protection laws in a global marketplace 
264 1 |a Canberra  |b Commonwealth of Australia  |c 1997 
300 |a 133 s. 
490 1 |a Discussion paper 
830 0 |a Discussion paper 
610 2 0 |a trh spoločný 
610 2 0 |a práva spotrebiteľské 
610 2 0 |a globalizácia hospodárstva 
610 2 0 |a mechanizmus trhový 
610 2 0 |a ochrana spotrebiteľa 
610 2 0 |a trh svetový